Online
Catalog

Recolección de indicaciones del director-inspector general ......... (Record no. 30534)

MARC details
000 -CABECERA
campo de control de longitud fija 00303nam a2200097 a 4500
005 - FECHA Y HORA DE LA ÚLTIMA TRANSACCIÓN
campo de control 20200930062652.0
008 - DATOS DE LONGITUD FIJA--INFORMACIÓN GENERAL
campo de control de longitud fija 110610s1911 000 spa d
040 ## - FUENTE DE LA CATALOGACIÓN
Centro catalogador/agencia de origen DO-SdBNP
245 #0 - MENCIÓN DE TÍTULO
Título Recolección de indicaciones del director-inspector general .........
260 ## - PUBLICACIÓN, DISTRIBUCIÓN, ETC.
Lugar de publicación, distribución, etc. La Vega, República Dominicana,
Fecha de publicación, distribución, etc. 1911.

No items available.

Powered by Koha